Szczyty świata (wersja BETA) - Statystyki

Ogólne statystyki
  • Ten quiz został rozwiązany 4 razy
  • Średni wynik to 101 z 186
Statystyki odpowiedzi
Obrazkowy Odpowiedź % Poprawnych
Stany Zjednoczone
100%
Włochy | Francja
100%
Afganistan
75%
Andora
75%
Arabia Saudyjska
75%
Argentyna
75%
Australia
75%
Belgia
75%
Bhutan
75%
Boliwia
75%
Brazylia
75%
Chile
75%
Chiny | Nepal
75%
Czad
75%
Egipt
75%
Ekwador
75%
Etiopia
75%
Fidżi
75%
Gwatemala
75%
Gwinea Równikowa
75%
Gwinea | Wybrzeże Kości Słoniowej
75%
Holandia
75%
Indie
75%
Indonezja
75%
Irak
75%
Iran
75%
Izrael
75%
Japonia
75%
Jemen
75%
Kamerun
75%
Kanada
75%
Kenia
75%
Kirgistan
75%
Kolumbia
75%
Kostaryka
75%
Laos
75%
Lesotho
75%
Malezja
75%
Meksyk
75%
Mjanma
75%
Niemcy
75%
Oman
75%
Pakistan
75%
Panama
75%
Papua Nowa Gwinea
75%
Peru
75%
Polska
75%
Republika Południowej Afryki
75%
Rosja
75%
Rwanda
75%
Sudan
75%
Sudan Południowy
75%
Syria
75%
Tadżykistan
75%
Tajlandia
75%
Tanzania
75%
Turcja
75%
Turkmenistan
75%
Uganda | Demokratyczna Republika Konga
75%
Uzbekistan
75%
Wietnam
75%
Antigua i Barbuda
50%
Armenia
50%
Austria
50%
Bahamy
50%
Bangladesz
50%
Barbados
50%
Benin
50%
Białoruś
50%
Botswana
50%
Brunei
50%
Bułgaria
50%
Burkina Faso
50%
Burundi
50%
Chorwacja
50%
Dania
50%
Dominika
50%
Dominikana
50%
Dżibuti
50%
Erytrea
50%
Estonia
50%
Eswatini
50%
Finlandia
50%
Gambia
50%
Grecja
50%
Grenada
50%
Gruzja
50%
Gujana
50%
Haiti
50%
Hiszpania
50%
Irlandia
50%
Kambodża
50%
Katar
50%
Kazachstan
50%
Komory
50%
Kongo
50%
Korea Północna
50%
Korea Południowa
50%
Kuwejt
50%
Liban
50%
Liberia
50%
Libia
50%
Litwa
50%
Łotwa
50%
Luksemburg
50%
Macedonia Północna | Albania
50%
Madagaskar
50%
Malawi
50%
Malediwy
50%
Mali
50%
Malta
50%
Maroko
50%
Mauretania
50%
Mauritius
50%
Mikronezja
50%
Monako
50%
Mongolia
50%
Mozambik
50%
Namibia
50%
Nauru
50%
Niger
50%
Nigeria
50%
Nikaragua
50%
Norwegia
50%
Nowa Zelandia
50%
Palau
50%
Paragwaj
50%
Portugalia
50%
Republika Zielonego Przylądka
50%
Saint Kitts i Nevis
50%
Saint Lucia
50%
Saint Vincent i Grenadyny
50%
Salwador
50%
San Marino
50%
Serbia
50%
Seszele
50%
Sierra Leone
50%
Singapur
50%
Słowacja
50%
Słowenia
50%
Szwajcaria
50%
Szwecja
50%
Togo
50%
Tonga
50%
Trynidad i Tobago
50%
Tunezja
50%
Urugwaj
50%
Watykan
50%
Węgry
50%
Wenezuela
50%
Wielka Brytania
50%
Wyspy Salomona
50%
Wyspy Świętego Tomasza i Książęca
50%
Zambia
50%
Zimbabwe
50%
Zjednoczone Emiraty Arabskie
50%
Algeria
25%
Angola
25%
Azerbejdżan
25%
Belize
25%
Bośnia i Hercegowina
25%
Cypr
25%
Czarnogóra
25%
Czechy
25%
Filipiny
25%
Gabon
25%
Ghana
25%
Honduras
25%
Islandia
25%
Jamajka
25%
Jordania
25%
Kosowo
25%
Kuba
25%
Liechtenstein
25%
Mołdawia
25%
Republika Środkowoafrykańska
25%
Rumunia
25%
Samoa
25%
Somalia
25%
Surinam
25%
Tajwan
25%
Timor Wschodni
25%
Ukraina
25%
Vanuatu
25%
Bahrajn
0%
Sri Lanka
0%
Nie znaleziono quizów pasujących do podanych kryteriów
Rozkład punktacji
Procent ludzi z każdym wynikiem
Percentyl według liczby udzielonych odpowiedzi
Twoja historia wyników
Nie rozwiązałeś tego quizu